Kraje z Największą Ilością Zabójstw - Statystyki

Ogólne statystyki
  • Ten quiz został rozwiązany 314 razy
  • Średni wynik to 10 z 20
Statystyki odpowiedzi
Morderstwa Kraj % Poprawnych
17,284 Stany Zjednoczone
97%
13,293 Rosja
91%
7,990 Chiny
89%
63,895 Brazylia
83%
32,079 Meksyk
82%
42,678 Indie
74%
12,237 Kolumbia
67%
20,336 Południowa Afryka
62%
17,778 Wenezuela
55%
8,235 Pakistan
48%
17,843 Nigeria
47%
10,322 Demokratyczna Republika Konga
44%
3,549 Bangladesz
31%
7,552 Etiopia
31%
8,826 Filipiny
27%
3,942 Salwador
23%
3,864 Honduras
22%
4,410 Gwatemala
20%
3,746 Tanzania
18%
4,735 Uganda
15%
Nie znaleziono quizów pasujących do podanych kryteriów
Rozkład punktacji
Procent ludzi z każdym wynikiem
Percentyl według liczby udzielonych odpowiedzi
Twoja historia wyników
Nie rozwiązałeś tego quizu